| 000 | 01309nam a2200325 a 4500 | ||
|---|---|---|---|
| 001 | 000113478 | ||
| 003 | CHAP | ||
| 005 | 20220329144356.0 | ||
| 008 | 170724s2016 mx a fsm |||||||spa d | ||
| 010 | _a109939 | ||
| 011 | _a110911 | ||
| 040 | _cCHAP | ||
| 090 | _aTesis | ||
| 100 | 1 |
_aPadrón Aguilar, Azucena _9132789 |
|
| 245 | 1 | 0 |
_aActividad antimicrobiana de extractos de jonote (Heliocarpus appendiculatus TURCZ.) sobre fitopatógenos asociados al jitomate (Solanum lycopersicum) / _h[En línea] _cpor Azucena Padrón Aguilar. |
| 260 |
_aChapingo, Méx. : _bEl autor, _c2016. |
||
| 500 | _aPara ver el contenido del material haga clic en la liga | ||
| 502 | _aTesis (Ing. en Restauración Forestal) -- UACH. División de Ciencias Forestales | ||
| 590 |
_aE8697GMM _b05 _c20170724 _lUCH01 _h0853 |
||
| 590 |
_aE8697GMM _b05 _c20170724 _lUCH01 _h1012 |
||
| 590 |
_aE8697GMM _b05 _c20170724 _lUCH01 _h1016 |
||
| 650 | 1 | 4 |
_aExtractos vegetales como fungicida. _9129639 |
| 650 | 1 | 4 |
_aExtractos vegetales _xEfecto en bacterias. _9132309 |
| 650 | 1 | 4 |
_aHeliocarpus appendiculatus _xFisiología y morfología. _9130235 |
| 650 | 1 | 4 |
_aTomate _xEnfermedades por bacterias. _9113712 |
| 856 |
_aFinding aid _uhttp://10.13.5.2/tesis/sist113478.pdf _zTeclea aquí |
||
| 901 | _aBK | ||
| 942 | _cTESIS | ||
| 942 | _n0 | ||
| 999 |
_c109939 _d109939 |
||